QUEST Central Library Banner

Building codes and specifications for the arab world / (Record no. 14124)

MARC details
000 -LEADER
fixed length control field 00463nam a2200157 a 4500
020 ## - INTERNATIONAL STANDARD BOOK NUMBER
ISBN 0333368266 (hardcover)
020 ## - INTERNATIONAL STANDARD BOOK NUMBER
ISBN 9780333368268 (hardcover)
100 ## - MAIN ENTRY--AUTHOR NAME
Personal name Daghestani
245 10 - TITLE STATEMENT
Title Building codes and specifications for the arab world /
260 ## - PUBLICATION, DISTRIBUTION, ETC. (IMPRINT)
Place of publication [S.l.] :
Name of publisher Palgrave Macmillan,
Year of publication 1983.
300 ## - PHYSICAL DESCRIPTION
Number of Pages 288 p.
700 1# - ADDED ENTRY--PERSONAL NAME
Personal name Daghestani, F.
700 1# - ADDED ENTRY--PERSONAL NAME
Personal name etc.
856 40 - ELECTRONIC LOCATION AND ACCESS
Uniform Resource Identifier http://www.amazon.com/exec/obidos/ASIN/0333368266/chopaconline-20
942 ## - ADDED ENTRY ELEMENTS (KOHA)
Koha item type Books
Holdings
Withdrawn status Lost status Home library Current library Date acquired Cost, normal purchase price Full call number Accession Number Koha item type
    Central Library, QUEST, Nawabshah Central Library, QUEST, Nawabshah 17/09/2015 0.00 690.0927DAG 11937 Books
    Central Library, QUEST, Nawabshah Central Library, QUEST, Nawabshah 17/09/2015 0.00 690.0927DAG 11938 Books

Copyright © 2018,The QUEST, Nawabshah, Shaheed Benazirabad. All rights reserved
Mr. G. Farooq Channar (Librarian) QUEST, Nawabshah, Sindh, Pakistan 67480.
 Ph#: |   0244-9370381-4 Ext. 2308   Email| lib@quest.edu.pk   Web|  http://www.quest.edu.pk